Quizzes
Events
Quiz Creation
Community
Videos
Private Events
Remove Ads
Sign In
Join for FREE
Feedback
Dark Mode
Quiz Categories
Sports
Geography
Music
Movies
Television
Just For Fun
Miscellaneous
History
Literature
Language
Science
Gaming
Entertainment
Religion
Holiday
For Kids
Quiz Lab
Recent
Popular Today
Quiz Kudos Today
Editor Picks
Curator Picks
Quizzes by...
Day
Popularity
Type
Ratings
Length
Year
Community
Subscriptions
Recent Discussions
Orange Saloon
Badges
Playlists
Quests
Create
Leaderboards
Showdown
Live 5
Trivia Bingo
Activity
Puzzle Library
Sporcle Events
Private Events
Virtual Trivia
Globe League
Become a Host
Pub Owners
SporcleCon
Opinionation
Our Games
Videos
Blog
Mobile Apps
Partnerships
Remove Ads and Go Orange
Feedback
History
US Presidents
World Leaders
Politics
Nation
Discovery
War
Decade
Year
Century
Biography
Art
History
US Presidents
World Leaders
Politics
Nation
Discovery
War
Decade
Year
Century
Biography
Art
Random Quiz
Search Sporcle
×
Quiz Lab
Quiz Lab
History
State
Type in answers that appear in a list
Type in answers that appear in a list
Classic
Best Score? Go Orange.
State Given Republican Governor Stats
Can you name the State Given Republican Governor?
By
EWess92
10m
32 Questions
41 Plays
41 Plays
41 Plays
Comments
Comments
Give Quiz Kudos
Give Quiz Kudos
-
- Ratings
hide this ad
Random Order
Randomize order of answers
Randomize order of answers
Replay
Link that replays current quiz
Next Quiz
Link to next quiz in quiz playlist
You Got
0%
They Got
Avg Score
83%
Avg Friend Score
Upgrade to see
Score Distribution
Jump to the score distribution portion of the page
Score
0/32
Timer
10:00
0
Plays Today
Governor
State
% Correct
Rick Perry
Texas
95%
Jan Brewer
Arizona
92.5%
Chris Christie
New Jersey
92.5%
Nathan Deal
Georgia
92.5%
Nikki Haley
South Carolina
92.5%
Susana Martinez
New Mexico
92.5%
Matt Mead
Wyoming
92.5%
Rick Scott
Florida
92.5%
Bobby Jindal
Louisiana
90%
Pat McCrory
North Carolina
90%
Scott Walker
Wisconsin
90%
Terry Branstad
Iowa
87.5%
Mary Fallin
Oklahoma
87.5%
John Kasich
Ohio
87.5%
Bob McDonnell
Virginia
87.5%
Butch Otter
Idaho
87.5%
Governor
State
% Correct
Robert Bentley
Alabama
85%
Sam Brownback
Kansas
85%
Phil Bryant
Mississippi
85%
Tom Corbett
Pennsylvania
85%
Jack Dalrymple
North Dakota
85%
Dennis Daugaard
South Dakota
85%
Gary Herbert
Utah
85%
Paul LePage
Maine
85%
Brian Sandoval
Nevada
85%
Rick Snyder
Michigan
85%
Sean Parnell
Alaska
82.5%
Mike Pence
Indiana
82.5%
Bill Haslam
Tennessee
80%
Dave Heineman
Nebraska
80%
Eddie Calvo
Guam
37.5%
Benigno Fitial
Northern Mariana Islands
25%
Quiz Playlist
Details
Report
Send in Message
Add To Playlist
Classic:
Type in answers that appear in a list
Random Order:
Randomize order of answers
Last Updated: Feb 16, 2017
Quiz Scoreboard
CHALLENGE
Sign Up to Join the Scoreboard
Show All
Scores
Hide
Comments
May contain spoilers
Recently Published
Pick 6: Fruits
by JohnFran
Miscellaneous
15s
Click the 1999 NBA Draft
by nibperrychub
Sports
2m
Alphabetical 'K' Countries by Flag Minefield
by ylime102
Geography
3m
More to Explore
Quiz From the Vault
Featured Blog Post
15 Basketball Trivia Facts You Can Be March Mad About
hide this ad
You Might Also Like...
Tags
State Quiz
Governor
republican
Today's Top Quizzes in History
Browse History
hide this ad
Today's Top Quizzes in State
Browse State
Top Contributed Quizzes in History
1
Famous Spring Paintings
2
Mahatma Gandhi, This Is Your Life
3
'NCAA' US History
4
I Am Born On March 18th
5
George Washington, This Is Your Life
6
Abraham Lincoln, This Is Your Life
7
Arab Spring Nations
8
Marco Polo, This Is Your Life
9
10 to 1: Generals by War
10
John F. Kennedy, This Is Your Life
Explore More
Trending Topics
Disney
NBA
Harry Potter
Marvel
Anime
Crossword
Kpop
The Office
Soccer
NFL
WWE
Country
Song
Pokémon
Puzzle
hide this ad
More By:
EWess92
Quiz
Plays
Rating
Category
Featured
Created
Western Civilization Winter
139
History
Mar 15, 2012
Western Civilization Spring Final
75
1.00
History
Jun 3, 2012
State Given Republican Governor
41
2.00
History
Jun 1, 2013
Republican Governors Name Given State
35
1.50
History
Jun 1, 2013
Go to Creator's Profile
Score Distribution
Quiz Creator Spotlight
EWess92
Follow
Send a Message
Quizzes Created
-
Created Quiz Play Count
-
More By This Creator
Popular Quizzes Today
1
Countries of Asia Without Outlines Minefield
2
Find the US States - No Outlines Minefield
3
Pick 6: Fruits
4
Alphabetical 'K' Countries by Flag Minefield
5
The Countries of the World
6
Find the US States
7
Match the Book to the Film X
8
US States
More History Quizzes
Pick the Senior Senator II
Quiz Lab
Trending Quizzes
Pick 6: Harry Potter
Pick 6: Mountains
Pick 6: NFL Teams
Pick 6: Movie Franchises
Pick 6: Golfers
Recently Updated
NWSL Teams
pecheneg
Women's Final Four Teams by Year
bhenderson79
Presidents Quartet II
eogle
Anything But Clue(do)
eogle
Anything But Oceanian Capitals
eogle
Anything But 7
eogle
Anything But Thing
eogle
Word Ladder: February 29
pecheneg
Song Title Questions
pecheneg
Women's NCAA Tournament #1 Seeds
pecheneg
Trending Topics
Crossword
Harry Potter
Marvel
Anime
Disney
NBA
Kpop
Pokémon
Song
Soccer
Country
NFL
The Office
Puzzle
WWE
Your Account Isn't Verified!
In order to create a playlist on Sporcle, you need to verify the email address you used during registration. Go to your
Sporcle Settings
to finish the process.
Report this User
Report this user for behavior that violates our
Community Guidelines
.
Details:
Send Report
Go to the Sporcle.com Mobile Site →
Comments